000 00359nam a2200157Ia 4500
003 Ost
005 20260225132557.0
008 260225s9999||||xx |||||||||||||| ||und||
040 _cfsic
041 _afre
082 _a302.23
100 _aM.J.Friedlander
_eAuteur
245 0 _aDe l'art et du connaisseur /
245 0 _cM.J.Friedlander
942 _cكتاب
999 _c34522
_d34522